|
|
|
|
| LEADER |
00000nas a2200000 i 4500 |
| 001 |
ssj0002246448 |
| 003 |
WaSeSS |
| 005 |
20200512172242.0 |
| 006 |
m d |
| 007 |
cr n |
| 008 |
161201c20179999enkqx p s 0 a0eng |
| 010 |
|
|
|a 2016201952
|
| 015 |
|
|
|a GBB8K5599
|2 bnb
|
| 016 |
7 |
|
|a 018911060
|2 Uk
|
| 022 |
|
|
|a 2475-1847
|l 2475-1839
|y 2475-1839
|
| 035 |
|
|
|a (WaSeSS)ssj0002246448
|
| 037 |
|
|
|b Taylor & Francis, 4 Park Square, Milton Park, Abingdon, Oxfordshire, OX14 4RN, UK
|
| 040 |
|
|
|a DLC
|b eng
|c DLC
|d DLC
|d UKMGB
|d OCLCO
|d OCLCF
|d VT2
|d VVJ
|d U3W
|d WYU
|d STF
|d DLC
|d FUG
|d WaSeSS
|
| 042 |
|
|
|a pcc
|a nsdp
|
| 050 |
0 |
0 |
|a TK5101.A1
|
| 050 |
1 |
4 |
|a TK5101.A1
|
| 082 |
1 |
0 |
|a 004.6
|2 23
|
| 130 |
0 |
|
|a Journal of information and telecommunication (Online)
|
| 210 |
0 |
|
|a J. inf. telecommun.
|b (Online)
|
| 222 |
|
0 |
|a Journal of information and telecommunication
|b (Online)
|
| 245 |
1 |
0 |
|a Journal of information and telecommunication
|h [electronic resource].
|
| 246 |
1 |
|
|a Journal of information & telecommunication
|
| 246 |
1 |
|
|a JIT
|
| 260 |
|
|
|a Abingdon, Oxfordshire, United Kingdom :
|b Taylor & Francis,
|c 2017-
|
| 310 |
|
|
|a Four issues per year
|
| 362 |
1 |
|
|a Began with: Volume 1, issue 1 (2017)
|
| 506 |
|
|
|a License restrictions may limit access.
|
| 588 |
|
|
|a Description based on: Volume 1, issue 1 (2017); title from caption (T&F website, viewed on august 2. 2017).
|
| 588 |
|
|
|a Latest issue consulted: Volume 4, isuse 1 (January 2020) (Taylor & Francis, viewed on April 24, 2020).
|
| 650 |
|
0 |
|a Telecommunication
|v Periodicals.
|
| 650 |
|
0 |
|a Information technology
|v Periodicals.
|
| 650 |
|
7 |
|a Information technology.
|2 fast
|0 (OCoLC)fst00973089
|
| 650 |
|
7 |
|a Telecommunication.
|2 fast
|0 (OCoLC)fst01145830
|
| 655 |
|
0 |
|a Electronic journals.
|
| 776 |
0 |
8 |
|i Print version:
|t Journal of information and telecommunication
|x 2475-1839
|w (DLC) 2016201951
|w (OCoLC)964657827
|
| 850 |
|
|
|a DLC
|
| 856 |
4 |
0 |
|z Full text available from Research Library: 03/01/2017 to present
|u https://search.proquest.com/publication/3933136
|